000
00305nam a22001457a 4500
008
210518b ||||| |||| 00| 0 eng d
020
_a
9780375424908
041
_a
eng
080
_a
781
082
_a
781
100
_a
45
101
_a
MUZ
245
_a
Rebel Music
_c
Hisham D. Aidi
942
_2
udc
_c
BK
999
_c
57429
_d
57429